History Quiz

Random History or Famous Quiz

Famous Southerners (US) Quiz Stats

Quiz Updated Aug 21, 2015

Challenge
Share
Tweet
Embed
Score 0/35 Timer 08:00
1 Play Today
% Correct
Oprah Winfrey
94.6%
Rosa Parks
94.2%
Britney Spears
94.2%
Mark Twain
94.1%
Elvis Presley
94.1%
Patrick Swayze
93.3%
Martin Luther King Jr.
92.9%
Lyndon B. Johnson
91.8%
Robert E. Lee
91.1%
James Madison
90.9%
Jimmy Carter
90.8%
Harper Lee
90.7%
Bill Clinton
90.7%
Harriet Tubman
89.7%
Woodrow Wilson
89.4%
Davy Crockett
89%
Helen Keller
88.9%
B.B. King
88.7%
% Correct
Louis Armstrong
88.3%
James Brown
85.2%
Mary Kay Ash
84.9%
Earl Tupper
84.7%
Billy Graham
83.3%
Newt Gingrich
83.1%
Hank Williams
82.8%
Clarence Thomas
79.1%
William Faulkner
72.7%
Strom Thurmond
71.5%
Eudora Welty
61.9%
John Pemberton
48.3%
Flannery O'Connor
46.4%
James Meredith
39.4%
Benjamin Green
29.3%
J. Lawrence Smith
27.4%
Crawford Long
22%

You're not logged in!

Compare scores with friends on all Sporcle quizzes.
Sign Up with Email
OR
Log In

You Might Also Like...

Show Comments

Extras

Top Quizzes Today


Score Distribution

Your Account Isn't Verified!

In order to create a playlist on Sporcle, you need to verify the email address you used during registration. Go to your Sporcle Settings to finish the process.